The history of classical music / (Record no. 106)

MARC details
000 -LEADER
fixed length control field 01411cam a22003254a 4500
005 - DATE AND TIME OF LATEST TRANSACTION
control field 20260322212006.0
008 - FIXED-LENGTH DATA ELEMENTS--GENERAL INFORMATION
fixed length control field data
010 ## - LIBRARY OF CONGRESS CONTROL NUMBER
LC control number 2002003815
020 ## - INTERNATIONAL STANDARD BOOK NUMBER
International Standard Book Number 1590181239 (hardback : alk. paper)
020 ## - INTERNATIONAL STANDARD BOOK NUMBER
International Standard Book Number 9781590181232 (hardback : alk. paper)
040 ## - CATALOGING SOURCE
Original cataloging agency DLC
Transcribing agency DLC
Modifying agency DLC
042 ## - AUTHENTICATION CODE
Authentication code lcac
-- lcac
050 00 - LIBRARY OF CONGRESS CALL NUMBER
Classification number ML3928
Item number .K35 2003
082 00 - DEWEY DECIMAL CLASSIFICATION NUMBER
Classification number 781.6/8/09
Edition information 21
092 ## - LOCALLY ASSIGNED DEWEY CALL NUMBER (OCLC)
Classification number 781.6 K35 2003
001 - CONTROL NUMBER
control field data
100 1# - MAIN ENTRY--PERSONAL NAME
Personal name Kallen, Stuart A.,
Dates associated with a name 1955-
245 14 - TITLE STATEMENT
Title The history of classical music /
Statement of responsibility, etc. Stuart A. Kallen.
260 ## - PUBLICATION, DISTRIBUTION, ETC.
Place of publication, distribution, etc. San Diego :
Name of publisher, distributor, etc. Lucent Books,
Date of publication, distribution, etc. c2003.
300 ## - PHYSICAL DESCRIPTION
Extent 112 p. :
Other physical details ill. ;
Dimensions 24 cm.
490 1# - SERIES STATEMENT
Series statement The music library
504 ## - BIBLIOGRAPHY, ETC. NOTE
Bibliography, etc. note Includes bibliographical references (p. 96-97) and index.
505 0# - FORMATTED CONTENTS NOTE
Formatted contents note Introduction: When all music was classical -- Music of medieval times -- The musical renaissance -- The baroque era -- The classical period -- The romantic era -- The modern era.
650 #0 - SUBJECT ADDED ENTRY--TOPICAL TERM
Topical term or geographic name entry element Music
General subdivision History and criticism
Form subdivision Juvenile literature.
650 #1 - SUBJECT ADDED ENTRY--TOPICAL TERM
Topical term or geographic name entry element Music
General subdivision History and criticism.
830 #0 - SERIES ADDED ENTRY--UNIFORM TITLE
Uniform title Music library (San Diego, Calif.)
906 ## - LOCAL DATA ELEMENT F, LDF (RLIN)
a 7
b cbc
c orignew
d 1
e ecip
f 20
g y-gencatlg
925 0# -
-- acquire
-- 1 shelf copy
-- policy default
955 ## - COPY-LEVEL INFORMATION (RLIN)
-- vl26 2002-03-11 to Children's Lit.
-- lb18 2002-03-28
-- vk05 2002-09-25 CIP ver. to BCCD
Holdings
Withdrawn status Lost status Damaged status Not for loan Home library Current library Shelving location Date acquired Total checkouts Full call number Barcode Date last seen Price effective from Koha item type
        Franklin Franklin General stacks 22/03/2026   781.6/8/09 21 BC0010110 22/03/2026 22/03/2026 Books